[Event "IECG CN.2002.0.00279 email"]
[Site "IECG email"]
[Date "2002.01.29"]
[Round "?"]
[White "Venturas, Bob"]
[Black "Glaba, Marvin"]
[Result "0-1"]
[WhiteElo "504"]
[BlackElo "800"]
[PlyCount "56"]
[EventDate "2002.01.29"]
[EventType "tourn (corr)"]
[EventRounds "6"]
[SourceTitle "Corr 2008"]
[Source "ChessBase"]
[SourceDate "2008.06.24"]
[SourceVersion "1"]
[SourceVersionDate "2008.06.24"]
[SourceQuality "1"]

1. d4 Nf6 2. Nc3 d5 3. Bg5 h6 4. Bh4 e6 5. a3 c5 6. dxc5 g5 7. Bg3 d4 8. Nb1 Nc6 9. b4 Ne4 10. Nd2 Nxg3 11. hxg3 Bg7 12. Rb1 0-0 13. Ngf3 g4 14. Nh4 Qc7 15. Nc4 Rd8 16. Nd6 b6 17. Qd3 bxc5 18. bxc5 Qa5+ 19. Qd2 Qxc5 20. Ne4 Qxa3 21. Rb3 Qa1+ 22. Qd1 Qa5+ 23. Nd2 Rb8 24. Rxb8 Nxb8 25. e3 dxe3 26. fxe3 Rxd2 27. Qb1 Rxg2+ 28. Kd1 Qd2# 0-1